All Boeing 787-10 Operators - Statistics

General Stats
  • This quiz has been taken 47 times
  • The average score is 8 of 13
Answer Stats
Engines Answer % Correct
Trent 1000 British Airways
89%
GEnX-1b Etihad
79%
GEnX-1b United Airlines
79%
GEnX-1b KLM
75%
GEnX-1b Air Canada
71%
Trent 1000 ANA
71%
GEnX-1b Qantas
64%
GEnX-1b Korean Airlines
61%
GEnX-1b Singapore Airlines
57%
GEnX-1b Eva Air
50%
GEnX-1b Air New Zealand
39%
GEnX-1b Saudia
39%
GEnX-1b Vietnam Airlines
36%
No matching quizzes found
Score Distribution
Percent of People with Each Score
Percentile by Number Answered
Your Score History
You have not taken this quiz